| 000 | 00470nam a2200181Ia 4500 | ||
|---|---|---|---|
| 001 | 12841 | ||
| 008 | 140401s9999 xx 000 0 und d | ||
| 020 | _a0-8273-7243-4 | ||
| 040 | _cPK-LaUMT | ||
| 082 |
_a 515 _bPET-T |
||
| 100 | _aPeterson, John C. | ||
| 245 |
_aTechnical mathematics with calculus _cPeterson, John C. |
||
| 260 |
_aLondon,UK: _bInternational Thomson Business, _c1997 |
||
| 300 | _a1532 p. | ||
| 546 | _aEN | ||
| 650 | _aMathematics | ||
| 942 | _cBK | ||
| 999 |
_c13574 _d13574 |
||